| 000 | 01213nam0a22003131 4500 | ||
|---|---|---|---|
| 001 | v19\rc\1835089 | ||
| 005 | 20250619145832.0 | ||
| 035 | _a(NLR Aleph) 004940362 | ||
| 090 |
_a5774617 _c5774617 |
||
| 100 | _a20071224d1909 |||y0rusy50 ca | ||
| 101 | 1 |
_arus _cita |
|
| 102 | _aRU | ||
| 105 | _ay z ||||| | ||
| 200 | 1 |
_aЖенская проституция _eВрожд. и случайн. проститутки. Их свойства, нравы и привычки _eПо соч. проф. К. Ломброзо и Д. Ферреро "La donna delinquente e prostituta" |
|
| 205 | _a2-е изд. | ||
| 210 |
_aМосква _cЕ. Коновалова и К° _d1909 |
||
| 215 |
_a62, II с. _d23 |
||
| 700 | 1 |
_6z01790 _aЛомброзо _bЧ. _f1835-1909 _gЧезаре |
|
| 701 | 1 |
_6z02790 _aФерреро _bГ. _f1871-1942 _gГильельмо |
|
| 790 | 1 |
_6z01700 _aЛомброзо _bК. _f1835-1909 |
|
| 790 | 1 |
_6z02701 _aФерреро _bГ. _f1871-1942 _gГульельмо |
|
| 790 | 1 |
_6z02701 _aФерреро _bД. _f1871-1942 |
|
| 801 | 0 |
_aRU _bNLR _gpsbo |
|
| 801 | 0 |
_aRU _bRuMoRGB _2psbo |
|
| 801 | 1 |
_aRU _bProSoft-M _2rusmarc |
|
| 852 |
_aNLR _j34.87.1.569 |
||
| 942 | _cBOOK | ||
| 980 | _aNB | ||
| 980 | _aSUPPRESS | ||